000 00662cam a22002173a 4500
001 39800
003 PGUSA
005 20140828083903.0
008 130601s2013||||xxu|||||s|||||000 | eng d
040 _aPGUSA
_beng
042 _adc
100 1 _aStrang, Herbert
245 1 4 _aThe Adventures of Dick Trevanion :
_bA Story of Eighteen Hundred and Four
_h[electronic resource] /
_cHerbert Strang
260 _bProject Gutenberg,
_c2013
506 _aPublic domain in the USA.
516 _aElectronic text
700 1 _aRainey, W.
_q(William),
_d1852-1936
830 0 _aProject Gutenberg
_v39800
856 4 0 _uhttp://www.gutenberg.org/ebooks/39800
942 _cEB
999 _c269053
_d269053